EMOTIONAL INTELLIGENCE MYTH OR REALITY (Record no. 8265)
[ view plain ]
| 000 -LEADER | |
|---|---|
| fixed length control field | 00340nam a2200145Ia 4500 |
| 003 - CONTROL NUMBER IDENTIFIER | |
| control field | OSt |
| 005 - DATE AND TIME OF LATEST TRANSACTION | |
| control field | 20231107065405.0 |
| 008 - FIXED-LENGTH DATA ELEMENTS--GENERAL INFORMATION | |
| fixed length control field | 170524s9999 xx 000 0 und d |
| 020 ## - INTERNATIONAL STANDARD BOOK NUMBER | |
| International Standard Book Number | 817446543X |
| 040 ## - CATALOGING SOURCE | |
| Transcribing agency | IIMT |
| 100 ## - MAIN ENTRY--PERSONAL NAME | |
| Personal name | SENGUPTA- NILAJAN |
| 245 #0 - TITLE STATEMENT | |
| Title | EMOTIONAL INTELLIGENCE MYTH OR REALITY |
| 260 ## - PUBLICATION, DISTRIBUTION, ETC. | |
| Name of publisher, distributor, etc. | EXCEL BOOKS |
| 942 ## - ADDED ENTRY ELEMENTS (KOHA) | |
| Source of classification or shelving scheme | |
| Koha item type | Book Bank |
| Withdrawn status | Lost status | Source of classification or shelving scheme | Damaged status | Not for loan | Home library | Current library | Date acquired | Total Checkouts | Barcode | Date last seen | Date last checked out | Price effective from | Koha item type |
|---|---|---|---|---|---|---|---|---|---|---|---|---|---|
| IIMT University Central Library Meerut | IIMT University Central Library Meerut | 05/31/2017 | 2 | 01-B-87885 | 06/06/2025 | 03/12/2025 | 05/31/2017 | General Book | |||||
| IIMT University Central Library Meerut | IIMT University Central Library Meerut | 05/31/2017 | 01-B-87886 | 05/31/2017 | 05/31/2017 | Book Bank |

